000 00671nam a2200217Ia 4500
001 15357
003 GE_BSU
008 181216s||||||||xx |||||||||||||| ||und||
040 _cGE_BSU
080 _a821.353.1-1
100 _aყურაშვილი, ავთანდილ
245 _aსიზმარ-ბალადა
245 _bლექსები
245 _cრედ.თ.ლანჩავა
260 _aქუთაისი
260 _bსაბჭ. საქართველო, ქუთაისის ფილიალი
260 _c1983
300 _a205გვ.15სმ.
653 _aლექსები
942 _cBK
999 _c48463
_d48463